Child growth and development / (Record no. 12424)
[ view plain ]
| 000 -LEADER | |
|---|---|
| fixed length control field | 00623nam a2200241 4500 |
| 003 - CONTROL NUMBER IDENTIFIER | |
| control field | URS |
| 005 - DATE AND TIME OF LATEST TRANSACTION | |
| control field | 20220114162444.0 |
| 008 - FIXED-LENGTH DATA ELEMENTS--GENERAL INFORMATION | |
| fixed length control field | 020101b xxu||||| |||| 00| 0 eng d |
| 020 ## - INTERNATIONAL STANDARD BOOK NUMBER | |
| International Standard Book Number | 9712304663 |
| 040 ## - CATALOGING SOURCE | |
| Transcribing agency | ddl |
| 041 0# - LANGUAGE CODE | |
| Language code of text/sound track or separate title | eng |
| 042 ## - AUTHENTICATION CODE | |
| Authentication code | DMLUC |
| 050 00 - LIBRARY OF CONGRESS CALL NUMBER | |
| Classification number | BF 721 |
| Item number | S545 1978 |
| 100 1# - MAIN ENTRY--PERSONAL NAME | |
| Personal name | Siruno, Rufino S. |
| 245 10 - TITLE STATEMENT | |
| Title | Child growth and development / |
| Statement of responsibility, etc. | Rufino S. Siruno and Edgar V. Siruno. |
| 250 ## - EDITION STATEMENT | |
| Edition statement | 1978 EDITION |
| 260 ## - PUBLICATION, DISTRIBUTION, ETC. | |
| Place of publication, distribution, etc. | Manila : |
| Name of publisher, distributor, etc. | Rex Book Store, |
| Date of publication, distribution, etc. | c1978. |
| 300 ## - PHYSICAL DESCRIPTION | |
| Extent | x, 168 pages. |
| 650 #0 - SUBJECT ADDED ENTRY--TOPICAL TERM | |
| Topical term or geographic name entry element | Child development. |
| 700 1# - ADDED ENTRY--PERSONAL NAME | |
| Personal name | Siruno, Edgar V. |
| 942 ## - ADDED ENTRY ELEMENTS (KOHA) | |
| Source of classification or shelving scheme | Dewey Decimal Classification |
| Koha item type | Filipiniana |
| Withdrawn status | Source of classification or shelving scheme | Damaged status | Not for loan | Collection code | Home library | Current library | Shelving location | Date acquired | Source of acquisition | Total Checkouts | Barcode | Date last seen | Price effective from | Koha item type |
|---|---|---|---|---|---|---|---|---|---|---|---|---|---|---|
| Dewey Decimal Classification | Fiction | Angono College Library | Angono College Library | On Display | 01/01/2002 | donation | URSANG-1961 | 01/01/2002 | 01/01/2002 | Filipiniana |